000 00377nam a2200133Ia 4500
005 20260328104326.0
008 260328s9999||||xx |||||||||||||| ||und||
100 _aSánchez, Emilio Joaquín
245 0 _aRiesgos del Patriminio Cultural I /
_cEmilio Joaquín Sánchez
260 _bFacultad de Arquitectura y Diseño
300 _a130 p.
650 _aCULTURA
942 _cBK
999 _c11513
_d11513